Detalles MARC
| 000 -CABECERA |
| campo de control de longitud fija |
04289nam a22002777a 4500 |
| 003 - IDENTIFICADOR DEL NÚMERO DE CONTROL |
| campo de control |
DO-SdBNP |
| 005 - FECHA Y HORA DE LA ÚLTIMA TRANSACCIÓN |
| campo de control |
20241009115417.0 |
| 007 - CAMPO FIJO DE DESCRIPCIÓN FÍSICA--INFORMACIÓN GENERAL |
| campo de control de longitud fija |
ta |
| 008 - DATOS DE LONGITUD FIJA--INFORMACIÓN GENERAL |
| campo de control de longitud fija |
221102b2022 dr a|||| |||| 00| 0 spa d |
| 020 ## - NÚMERO INTERNACIONAL ESTÁNDAR DEL LIBRO |
| Número Internacional Estándar del Libro |
9789945180732 |
| 040 ## - FUENTE DE LA CATALOGACIÓN |
| Centro catalogador/agencia de origen |
DO-SdBNP |
| Lengua de catalogación |
spa |
| Centro/agencia transcriptor |
BNPHU |
| 082 #4 - NÚMERO DE LA CLASIFICACIÓN DECIMAL DEWEY |
| Número de clasificación |
RD864.44 |
| Número de documento/Ítem |
M874pa |
| Número de edición |
22 |
| 100 ## - ENTRADA PRINCIPAL--NOMBRE DE PERSONA |
| 9 (RLIN) |
77409 |
| Nombre de persona |
Morrison Fortunato, Heriberto |
| 245 10 - MENCIÓN DE TÍTULO |
| Título |
Pasión compartida deporte y literatura / |
| Mención de responsabilidad, etc. |
Heriberto Morrison |
| 260 ## - PUBLICACIÓN, DISTRIBUCIÓN, ETC. |
| Lugar de publicación, distribución, etc. |
Santo Domingo : |
| Nombre del editor, distribuidor, etc. |
Búho, |
| Fecha de publicación, distribución, etc. |
2022. |
| 300 ## - DESCRIPCIÓN FÍSICA |
| Extensión |
249 p. : |
| Otras características físicas |
il. ; |
| Dimensiones |
23 cm. |
| 500 ## - NOTA GENERAL |
| Nota general |
Incluye datos biográficos del autor en las solapas |
| 504 ## - NOTA DE BIBLIOGRAFÍA, ETC. |
| Nota de bibliografía, etc. |
Bibliografía : p. 247 |
| 505 ## - NOTA DE CONTENIDO CON FORMATO |
| Nota de contenido con formato |
Dedicatoria 13 -- Agradecimientos 15 -- Introducción necesaria 17 -- En torno al vínculo histórico entre el deporte y la literatura 25 -- Homero, autor de la primera crónica deportiva 35 -- El cantar de Mio Cid, primer texto narrativo de la literatura española que utilizó el vocablo deporte 39 -- El deporte en la producción literaria de Cervantes 43 -- ´´Ajedrez´´, un poema de Jorge Luis Borges 47 -- Ernesto Sábato, sus escritos y pasión por el fútbol 51 -- ´´Oda a la bicicleta´´ de Pablo Neruda 55 -- ´´El deporte es Cultura´´, ensayo de Alejo Carpentier 59 -- Vicente Aleixandre: poema sobre el patinaje y la vida 63 -- Ernest Hemingway: ´´mi escritura no es nada, mi boxeo lo es todo´´ 67 -- El origen deportivo del estado: una tesis de Ortega y Gasset 71 -- James Joyce, inserta el tema deportivo en Ulises 73 -- Las ´´Desmesuras deportivas´´ de Lázaro Carreter 77 -- Julio Cortázar: fascinación por el ´´Noble arte´´ 81 -- Novelista Murakami: hace un símil entre los oficios de escribir y correr 85 -- Juan Marichal en el poema de Lawrence Ferlinghetti 87 -- Marcio Veloz Maggiolo: sus textos sobre temas deportivos 91 -- ´´Ahora que vuelvo, Ton´´ de René del Risco y el tema deportivo 95 -- ´´El salto´´, de León Felipe 101 -- Juan Bosch se refirió a la filosofía del deporte y su finalidad humana 105 -- Canción de Bob Dylan a ´´Huracán´´ Carter 109 -- La noche más larga de Norman Mailer 113 -- ´´Pío tai´´, poema de Fernández retamar dedicado al béisbol cubano 117 -- Vázquez Montalbán: sus textos sobre temática deportiva 121 -- ´´Prosas de un peso Welter´´: texto de Alexis Gómez Rosa 125 -- El fútbol a sol y sombra de Eduardo Galeano 129 -- ´´El centerfielder´´, un cuento de Sergio Ramírez 131 -- Albert Camus: sobre la moral y el fútbol 135 -- John Carlin, Mandela y un partido de rugby 139 -- Kid chocolate a través del prisma de Cabrera Infante 143 -- ´´Bella y marítima´´, poema de Miguel Hernández 147 -- Miguel de Unamuno: alpinista y abanderado del aficionismo 151 -- Nicolás Guillén y su elegía ´´Deportes´´ 155 -- ´´Los muchachos del Memphis´´, un cuento de Pedro Peix 159 -- ´´Balada para Pelé´´, de Horacio Ferrer 163 -- crónica de José Martí sobre una pelea de boxeo 167 -- ´´El Atleta´´, de Rafael Ramírez escoto 171 -- Un ´´Trozo de carne´´, relato de Jack London 173 -- Arthur Conan Doyle, deportista y literato 177 -- ´´Juan Polti, half back´´ de Horacio Quiroga 181 -- Mario Benedetti, sus cuentos sobre el fútbol 185 - César Vallejo y su poema sobre el tenista 189 -- ´´Proverbios y cantares´´ de Antonio Machado 193 -- ´´Nadadora de noche´´ de Pedro Salinas 197 -- ´´El patinador´´ y otros escritos de Jean Cocteau 201 -- Un cuento de Mateo Morrison: ´´Entre los brazos de Teresita y Garabato Sachie´´ 205 -- Las ´´Nadadoras´´ de Jorge Guillén 211 -- Enriquillo Sánchez, su poema ´´no cejar, ceja´´ 215 -- En torno al primer concurso de cuentos sobre Béisbol del Ministerio de Cultura 217 -- El miedo escénico descrito por Jorge Valdano 223 -- ´´Oda a Platko´´, exaltación de Rafael Alberti a un futbolista 227 -- Felipe Cunil: ´´Drama en dos actos´´ 231 -- Gerardo Diego: sus creaciones sobre deportes 235 -- Segundo Concurso de Cuentos sobre Béisbol del Ministerio de Cultura 239 -- Orlando Alba: Lengua y béisbol en la República Dominicana 243 -- Bibliografia y referencias 247 |
| 590 ## - NOTA LOCAL (RLIN) |
| Nota local |
Inventariado, 2022/BT |
| 650 ## - PUNTO DE ACCESO ADICIONAL DE MATERIA--TÉRMINO DE MATERIA |
| Término de materia o nombre geográfico como elemento de entrada |
Ensayos dominicanos |
| 650 ## - PUNTO DE ACCESO ADICIONAL DE MATERIA--TÉRMINO DE MATERIA |
| Término de materia o nombre geográfico como elemento de entrada |
Deportes |
| 9 (RLIN) |
36892 |
| 650 #0 - PUNTO DE ACCESO ADICIONAL DE MATERIA--TÉRMINO DE MATERIA |
| Término de materia o nombre geográfico como elemento de entrada |
Literatura |
| 9 (RLIN) |
3439 |
| 910 ## - DATOS DE OPCIÓN DEL USUARIO (OCLC) |
| Datos de opción del usuario |
Btavárez |
| 942 ## - ELEMENTOS DE PUNTO DE ACCESO ADICIONAL (KOHA) |
| Fuente del sistema de clasificación o colocación |
Dewey Decimal Classification |
| Tipo de ítem Koha |
Libro |